00393nam a2200121Ia 4500008004100000082002000041100002700061245003200088260004000120300001000160630001800170650008300188211109s9999||||xx |||||||||||||| ||und|| a894.8123bVIS-N aVishnu Nampoodiri, M V 0aNampoodiribasha Sabdakosham bNational Book StallaKottayamc1982 a233p. xGeneral Stack aMalayalam LiteraturevMalayalam FictionxMalayalam NovelShort StoriesMalayalam